000
00507nam a2200169Ia 4500
008
090124s9999 xx 000 0 und d
082
_b
104959
100
_a
पाण्डेय रुपनारायण
245
_a
शाहजहाँ
250
_a
1
300
_a
135
600
_a
पाण्डेय रुपनारायण
630
_a
शाहजहाँ
700
_a
पाण्डेय रुपनारायण
730
_a
शाहजहाँ
942
_c
BOOK
999
_c
151051
_d
151051